| 000 | 01061nam a22002537a 4500 | ||
|---|---|---|---|
| 005 | 20170124103016.0 | ||
| 010 | _aB-077182 | ||
| 020 | _c120.00 | ||
| 035 | _aB-077182 | ||
| 037 | _bCen Lib/Ret | ||
| 040 |
_aDPL _bHN |
||
| 082 |
_aक _bकालिया |
||
| 100 |
_aकालिया, रवीन्द्र _959152 |
||
| 245 |
_aज़रा सी रोशनी : _cरवीन्द्र कालिया _bकहानी संग्रह / |
||
| 246 |
_aZara si roshani : kahani sangarh / _bby Raveendra kaliya |
||
| 260 |
_aइलाहाबाद _bलोकभारती प्रकाशन _c2002 |
||
| 270 |
_a15-ए, महात्मा गाँधी मार्ग _bइलाहाबाद |
||
| 300 |
_a120पृ. _c19सेमी (सजिल्द) |
||
| 650 |
_aहिंदी साहित्य _959154 |
||
| 650 |
_aहिंदी कहानियां _92082 |
||
| 650 |
_aHindi literature _959156 |
||
| 650 |
_aHindi stories _959158 |
||
| 942 |
_2ddc _cHN _hक _mकालिया |
||
| 999 |
_c114953 _d114953 |
||